00778nam a2200229Ia 450000500170000000800410001702000180005804000180007604100080009408200220010210000250012424500940014925000280024326000430027130000380031465000340035265000440038665000420043065000360047270000190050870000210052720230505145108.0210716s2011 xx 000 0 und d a9788131503300 cAIMIT LIBRARY aeng a368.08 212bTRIJ aTrieschmann, James S aRisk management and insurance /cBy James S Trieschmann, Robert E Hoyt and David W Sommer a12th ed.bIndia Edition aNew Delhi :bCengage Learning ,c2011. axii,512,I-12 p. ;bPB :e25.5 cm. aRisk Management & Derivatives aCommercial Risk Management Applications aPersonal Risk Management Applications aThe Risk Management Environment aHoyt, Robert E aSommer, David W.